Normal view
MARC view
- آيرلاند ، كنيث /الخطيب ، محمد بن شحات مترجم
Entry Personal Name
001 - CONTROL NUMBER
- control field: 22648
003 - CONTROL NUMBER IDENTIFIER
- control field: JO-AjAnu
005 - DATE AND TIME OF LATEST TRANSACTION
- control field: 20230606073915.0
008 - FIXED-LENGTH DATA ELEMENTS
- fixed length control field: 230606|| aca||aabn | a|a d
040 ## - CATALOGING SOURCE
- Original cataloging agency: JO-AjAnu
- Transcribing agency: JO-AjAnu
100 ## - HEADING--PERSONAL NAME
- Personal name: آيرلاند ، كنيث /الخطيب ، محمد بن شحات مترجم
670 ## - SOURCE DATA FOUND
- Source citation: Work cat.: (JO-AjAnu)11641: آيرلاند ، كنيث /الخطيب ، محمد بن شحات مترجم, author, حقوق المعلمين وواجباتهم ( النموذج البريطاني )